Online Catalogue and eLibrary

Sigiri Poems : (Record no. 3104)

MARC details
000 -LEADER
fixed length control field 00430nam a2200157Ia 4500
005 - DATE AND TIME OF LATEST TRANSACTION
control field 20240828070014.0
008 - FIXED-LENGTH DATA ELEMENTS--GENERAL INFORMATION
fixed length control field 240331s9999 xx 000 0 und d
082 ## - DDC Classification
Item Number - Author Mark HAL
Class No. 800
100 ## - MAIN ENTRY--PERSONAL NAME
Personal name Halpe, A
245 #0 - TITLE STATEMENT
Title Sigiri Poems :
Remainder of title Translations of Sinhala poems of the 6th-10th centuries
260 ## - PUBLICATION, DISTRIBUTION, ETC.
Place of publication, distribution, etc. Peradeniya
Name of publisher, distributor, etc. Peradeniya prakasana
Date of publication, distribution, etc. 1995
300 ## - PHYSICAL DESCRIPTION
Extent (e.g. Volumes, Pages etc.) xii, 25 p .,
650 ## - SUBJECT ADDED ENTRY--TOPICAL TERM
Topical term or geographic name entry element Sinhala Language
650 ## - SUBJECT ADDED ENTRY--TOPICAL TERM
Topical term or geographic name entry element Poems
942 ## - Koha item type (Biblio)
Koha item type Books in Stacks (Lending)
Holdings
Lost status Damaged status Collection code Home library Current library Shelving location Date acquired Full call number Accession Number Item type
    Lending WERC Library WERC Library Social Science Cupboard 03/31/2024 800 HAL 5074 Books in Stacks (Lending)

© WERC Library